[Event "Vlissingen HZ op 13th"]
[Site "Vlissingen"]
[Date "2009.08.03"]
[Round "4"]
[White "Khairullin, Ildar"]
[Black "Tiggelman, Rene"]
[Result "1-0"]
[WhiteElo "2602"]
[BlackElo "2250"]
[PlyCount "145"]
[EventDate "2009.08.01"]
[EventType "swiss"]
[EventRounds "9"]
[EventCountry "NED"]
[SourceTitle "CBM 131 Extra"]
[Source "ChessBase"]
[SourceDate "2009.09.03"]
[SourceVersion "2"]
[SourceVersionDate "2009.09.16"]
[SourceQuality "1"]

1. e4 c5 2. Nf3 Nc6 3. Bb5 Nf6 4. Nc3 Nd4 5. e5 Nxb5 6. Nxb5 Nd5 7. Ng5 f5 8. exf6 Nxf6 9. d4 Qa5+ 10. Nc3 e6 11. 0-0 cxd4 12. Qxd4 Be7 13. Nge4 0-0 14. Nd6 Bxd6 15. Qxd6 b6 16. f3 Bb7 17. Be3 Qf5 18. Rf2 Nd5 19. Bd4 Nxc3 20. Bxc3 Rf7 21. h3 Rc8 22. a3 Qc5 23. Qd2 Qd5 24. Qe3 Qc5 25. Qe2 Qc4 26. Qe1 Rc5 27. Rd1 Rd5 28. Rxd5 Qxd5 29. Rd2 Qf5 30. Qg3 Bc6 31. Qb8+ Rf8 32. Qxa7 Qc5+ 33. Rf2 Rc8 34. Qa6 Bb5 35. Qb7 Qc6 36. Qxc6 Bxc6 37. Rd2 b5 38. Rd4 Bd5 39. Rg4 g6 40. Rb4 Bc6 41. Kf2 Rf8 42. Bd2 e5 43. c4 bxc4 44. Rxc4 Kf7 45. Bc3 Ke6 46. Rc5 e4 47. Re5+ Kf7 48. Bb4 Re8 49. Rxe8 Kxe8 50. fxe4 Bxe4 51. g3 d5 52. Ke3 Kd7 53. Kd4 Kc6 54. Bd2 Bc2 55. Kc3 Bf5 56. h4 Kc5 57. Be3+ Kb5 58. b3 h5 59. a4+ Ka5 60. Bd4 Bg4 61. Be5 Bd1 62. Bf6 Kb6 63. Kb4 Ka6 64. Bd4 Bc2 65. Ka3 Bd1 66. b4 Be2 67. b5+ Ka5 68. Bc3+ Kb6 69. Kb4 Kb7 70. Bd4 Bd3 71. a5 Be2 72. a6+ Kb8 73. Ka5 1-0

[Event "Vlissingen HZ op 12th"]
[Site "Vlissingen"]
[Date "2008.08.09"]
[Round "9"]
[White "Tiggelman, Rene"]
[Black "Brandenburg, Daan"]
[Result "1-0"]
[WhiteElo "2194"]
[BlackElo "2431"]
[PlyCount "121"]
[EventDate "2008.08.02"]
[EventType "swiss"]
[EventRounds "9"]
[EventCountry "NED"]
[SourceTitle "CBM 125 Extra"]
[Source "ChessBase"]
[SourceDate "2008.09.01"]
[SourceVersion "1"]
[SourceVersionDate "2008.09.01"]
[SourceQuality "1"]

1. d4 Nf6 2. Nf3 c5 3. c4 cxd4 4. Nxd4 e5 5. Nb3 d5 6. cxd5 Qxd5 7. Qxd5 Nxd5 8. e4 Nb4 9. Na3 Be6 10. Na5 b6 11. Bb5+ Nd7 12. Nc6 a6 13. Bd2 axb5 14. Bxb4 Ra4 15. Bxf8 Kxf8 16. 0-0 Rxe4 17. Rfe1 Bd5 18. Rxe4 Bxe4 19. Rc1 g6 20. Nxb5 Kg7 21. Nd6 Bd5 22. a3 Kf6 23. Nb4 Be6 24. Rc6 Nc5 25. f3 Na4 26. Ne4+ Kg7 27. Nd3 Rd8 28. Nxe5 Bd5 29. Rc7 Nxb2 30. Ng5 Kf6 31. f4 Nd1 32. Rd7 Rxd7 33. Nxd7+ Ke7 34. Nxb6 Bc6 35. Nc4 f6 36. Nf3 Bd5 37. Nb6 Bb7 38. a4 Kd6 39. a5 Nc3 40. Kf2 Ne4+ 41. Ke3 Nc5 42. g4 Nb3 43. Nc4+ Kc5 44. Nfd2 Nd4 45. h4 h6 46. Nb6 Nc2+ 47. Kf2 g5 48. Nd7+ Kd6 49. Nxf6 gxh4 50. Nde4+ Kc7 51. Kg2 Nd4 52. Kh3 Ne6 53. f5 Ng7 54. Nc5 Bc8 55. Nd5+ Kd6 56. f6 Ne6 57. Nxe6 Bxe6 58. Nf4 Bc4 59. Kxh4 Ke5 60. a6 Kxf6 61. a7 1-0

[Event "Vlissingen HZ op 11th"]
[Site "Vlissingen"]
[Date "2007.08.10"]
[Round "8"]
[White "Krasenkow, Michal"]
[Black "Tiggelman, Rene"]
[Result "1-0"]
[WhiteElo "2660"]
[BlackElo "2210"]
[PlyCount "93"]
[EventDate "2007.08.04"]
[EventType "swiss"]
[EventRounds "9"]
[EventCountry "NED"]
[SourceTitle "CBM 119 Extra"]
[Source "ChessBase"]
[SourceDate "2007.09.04"]
[SourceVersion "1"]
[SourceVersionDate "2007.09.04"]
[SourceQuality "1"]

1. Nf3 Nf6 2. c4 g6 3. Nc3 Bg7 4. e4 d6 5. d4 0-0 6. h3 c5 7. d5 e6 8. Bd3 exd5 9. cxd5 Na6 10. 0-0 Nc7 11. Re1 Rb8 12. a4 Na6 13. Bf4 Nb4 14. Bc4 Ne8 15. Qd2 a6 16. Bf1 f6 17. Na2 Nxa2 18. Rxa2 a5 19. Ra3 Bd7 20. Qc2 b6 21. Bh2 Rf7 22. Nd2 f5 23. e5 dxe5 24. Bxe5 Bxe5 25. Rxe5 Nd6 26. Nc4 Qf8 27. f4 Nxc4 28. Bxc4 Qd6 29. Qe2 Rbf8 30. g3 Rg7 31. Rae3 g5 32. fxg5 Rxg5 33. b3 Rg7 34. Rf3 f4 35. g4 Bxg4 36. hxg4 Rxg4+ 37. Kf1 Qg6 38. Qf2 Kh8 39. Re7 Qh6 40. Qb2+ Rf6 41. Ke1 Rg1+ 42. Rf1 Rxf1+ 43. Bxf1 Kg8 44. Qe5 Qh4+ 45. Kd1 f3 46. d6 f2 47. Qd5+ 1-0

[Event "Vlissingen HZ op 11th"]
[Site "Vlissingen"]
[Date "2007.08.07"]
[Round "5"]
[White "Tiggelman, Rene"]
[Black "Gryson, Wouter"]
[Result "1/2-1/2"]
[WhiteElo "2210"]
[BlackElo "2030"]
[PlyCount "106"]
[EventDate "2007.08.04"]
[EventType "swiss"]
[EventRounds "9"]
[EventCountry "NED"]
[SourceTitle "CBM 119 Extra"]
[Source "ChessBase"]
[SourceDate "2007.09.04"]
[SourceVersion "1"]
[SourceVersionDate "2007.09.04"]
[SourceQuality "1"]

1. d4 Nf6 2. Nf3 e6 3. c4 b6 4. g3 Ba6 5. b3 Bb7 6. Bg2 Bb4+ 7. Bd2 c5 8. 0-0 0-0 9. dxc5 Bxc5 10. Nc3 Ne4 11. Nxe4 Bxe4 12. Bc3 Nc6 13. Ne5 Bxg2 14. Kxg2 Nxe5 15. Bxe5 Qe7 16. Rc1 Rac8 17. Ba1 Rfd8 18. e4 d5 19. cxd5 exd5 20. exd5 Qe4+ 21. Qf3 Qxf3+ 22. Kxf3 f6 23. Rfd1 Kf7 24. Rc4 a5 25. Bd4 Rxd5 26. Rdc1 Ke6 27. Bxc5 Rdxc5 28. Rxc5 Rxc5 29. Rxc5 bxc5 30. Ke4 Kd6 31. f4 Kc6 32. Kd3 Kd5 33. Kc3 h6 34. Kd3 f5 35. Kc3 Ke4 36. Kc4 g5 37. Kxc5 gxf4 38. gxf4 Kxf4 39. a3 Ke4 40. b4 axb4 41. axb4 f4 42. b5 f3 43. b6 f2 44. b7 f1Q 45. b8Q Qc1+ 46. Kb6 Qb2+ 47. Ka7 Qxb8+ 48. Kxb8 h5 49. Kc7 h4 50. Kd6 h3 51. Kc5 Kd3 52. Kb4 Kc2 53. Ka3 Kd2 1/2-1/2

[Event "Vlissingen HZ op 11th"]
[Site "Vlissingen"]
[Date "2007.08.06"]
[Round "4"]
[White "Van de Wynkele, Eric"]
[Black "Tiggelman, Rene"]
[Result "0-1"]
[WhiteElo "1998"]
[BlackElo "2210"]
[PlyCount "70"]
[EventDate "2007.08.04"]
[EventType "swiss"]
[EventRounds "9"]
[EventCountry "NED"]
[SourceTitle "CBM 119 Extra"]
[Source "ChessBase"]
[SourceDate "2007.09.04"]
[SourceVersion "1"]
[SourceVersionDate "2007.09.04"]
[SourceQuality "1"]

1. e4 e6 2. d4 d5 3. Nc3 Nf6 4. Bg5 Be7 5. e5 Nfd7 6. Bxe7 Qxe7 7. f4 a6 8. Nf3 c5 9. Qd2 Nc6 10. g3 b5 11. Bg2 Nb6 12. Qf2 b4 13. Ne2 a5 14. 0-0 Ba6 15. Rfc1 Bxe2 16. Qxe2 Nxd4 17. Nxd4 cxd4 18. Qb5+ Nd7 19. Rd1 0-0 20. Rxd4 Rfb8 21. Qe2 Qc5 22. Qf2 Rc8 23. Rd2 Nb6 24. Qxc5 Rxc5 25. b3 Rac8 26. Rc1 Rc3 27. Kf2 Kf8 28. Ke1 Ke7 29. Kd1 h5 30. a3 a4 31. Rd3 bxa3 32. Rxc3 Rxc3 33. Kd2 d4 34. bxa4 Nc4+ 35. Ke2 d3+ 0-1